000 01239nam a2200349 i 4500
001 8870
003 KOSZ 005
005 20221219092928.0
008 071119s1968 pl a f 001 0 pol
015 _aPB 1968/9917
040 _aWA N
_cWA N
_dKOSZ 005/RW
_dKOSZ 005/HR
046 _k1968
080 _a658.5
100 1 _aPełka, Bogusław
_d(1928-2003)
_eAutor
245 1 0 _aZarys ekonomiki i organizacji przemysłowych procesów produkcyjnych /
_cBogusław Pełka.
260 _aWarszawa :
_bPaństwowe Wydawnictwo Ekonomiczne,
_c1968.
300 _a303, [1] s., [4] k. tabl. :
_bil. ;
_c23 cm.
336 _2rdacontent
_aTekst
_btxt
337 _2rdamedia
_aBez urządzenia pośredniczącego
_bn
338 _2rdacarrier
_aWolumin
_bnc
380 _aKsiążki
388 _a1901-2000
388 _a1945-1989
504 _aBibliogr. s. [272]-283. Indeks.
650 4 _aProdukcja
650 4 _aPrzedsiębiorstwo przemysłowe
658 _aGospodarka, ekonomia, finanse
658 _aZarządzanie i marketing
710 2 _aPaństwowe Wydawnictwo Ekonomiczne
_4pbl.
856 _uhttp://koha.tu.koszalin.pl/cgi-bin/koha/opac-detail.pl?biblionumber=8870
_yKatalog online BPK
942 _2UKD
_cKS
999 _c8870
_d8870